000 00327 a2200133 4500
999 _c325404
_d325404
001 90331
003 NUST
082 _a297.2113 YOU
100 _aYousaf Salah u Din
_99829
245 _aTouhid Aur Shirk
_hUrdu
260 _aLahore
_bDarussalam Publications
_c2012
300 _a120p.
500 _aGeneral Books
942 _aCAE NUST
_cBK
_k297.2113 YOU
_2ddc